[Event "38th Reykjavik op"]
[Site "Reykjavik ISL"]
[Date "2025.04.10"]
[Round "3.91"]
[White "Bhagat, Kush"]
[Black "Deboushnik, De"]
[WhiteElo "2301"]
[BlackElo "2038"]
[Result "1/2-1/2"]
[EventDate "2025.04.09"]
[PlyCount "31"]

1. e4 c5 2. Nf3 a6 3. c4 Nc6 4. d4 cxd4 5. Nxd4 Nf6 6. Nc3 e5 7. Nc2 Bc5 8. Be2
h6 9. O-O d6 10. Be3 Bxe3 11. fxe3 O-O 12. Qd3 Be6 13. Rad1 Ne8 14. b3 Qa5 15.
Ne1 b5 16. cxb5 1/2-1/2

[Event "38th Reykjavik op"]
[Site "Reykjavik ISL"]
[Date "2025.04.10"]
[Round "3.92"]
[White "Golis, Wiktor"]
[Black "Kukushkin, Ivan"]
[WhiteElo "2293"]
[BlackElo "2030"]
[Result "1-0"]
[EventDate "2025.04.09"]
[PlyCount "37"]

1. e4 c5 2. Nf3 Nc6 3. d4 cxd4 4. Nxd4 Nf6 5. Nc3 d6 6. Bg5 e6 7. Qd2 a6 8.
Nxc6 bxc6 9. O-O-O Be7 10. Bxf6 gxf6 11. Bc4 Bb7 12. Bb3 Qc7 13. Rhe1 O-O-O 14.
Qe2 h5 15. f4 Rd7 16. f5 d5 17. Qf3 Kb8 18. Qh3 Rhd8 19. Kb1 1-0

[Event "38th Reykjavik op"]
[Site "Reykjavik ISL"]
[Date "2025.04.10"]
[Round "3.93"]
[White "Schwarz, David"]
[Black "Pein, Malcolm"]
[WhiteElo "2028"]
[BlackElo "2282"]
[Result "0-1"]
[EventDate "2025.04.09"]
[PlyCount "74"]

1. d4 Nf6 2. c4 g6 3. h4 c5 4. d5 e6 5. Nc3 exd5 6. cxd5 d6 7. e4 Bg7 8. Be2
O-O 9. h5 Qe8 10. h6 Bh8 11. Qc2 Bd7 12. Bf4 Qe7 13. Nf3 Re8 14. Nd2 Na6 15.
Bxa6 bxa6 16. f3 Nh5 17. Rxh5 gxh5 18. O-O-O Qf6 19. Be3 Rab8 20. Rh1 h4 21.
Nc4 Rb4 22. e5 Rxe5 23. Nxe5 Qxe5 24. Qd2 Bf5 25. Re1 Qxc3+ 26. Qxc3 Bxc3 27.
bxc3 Rb1+ 28. Kd2 Rb2+ 29. Kd1 Rxa2 30. Bg5 Bc2+ 31. Kc1 Ra1+ 32. Kd2 Rxe1 33.
Kxe1 h3 34. gxh3 Kf8 35. Ke2 Bb3 36. Bd2 Bxd5 37. Ke3 Ke8 0-1

[Event "38th Reykjavik op"]
[Site "Reykjavik ISL"]
[Date "2025.04.10"]
[Round "3.94"]
[White "Muench, Robert"]
[Black "Le Goff, Ronan"]
[WhiteElo "2027"]
[BlackElo "2282"]
[Result "0-1"]
[EventDate "2025.04.09"]
[PlyCount "139"]

1. e4 e5 2. Nf3 Nc6 3. Bc4 Nf6 4. d3 Be7 5. a4 O-O 6. O-O d6 7. h3 Be6 8. Nc3
h6 9. Nd5 Bxd5 10. exd5 Nb4 11. c3 Nbxd5 12. Bxd5 Nxd5 13. Qb3 c6 14. Qxb7 Qb6
15. Qxb6 axb6 16. Bd2 Ra6 17. b3 f5 18. Ne1 Bg5 19. Bxg5 hxg5 20. Rc1 Nf4 21.
Kh2 b5 22. g3 Ne6 23. axb5 cxb5 24. Nc2 Nc5 25. Rfd1 Ra2 26. Kg2 Nxb3 27. Rb1
Rxc2 28. Rxb3 g4 29. h4 e4 30. Rxb5 e3 31. Rf1 f4 32. gxf4 Rxf4 33. Rb4 Rfxf2+
34. Rxf2 Rxf2+ 35. Kg3 Rf5 36. Rb1 e2 37. Re1 Rf3+ 38. Kxg4 Rxd3 39. Rxe2 Rxc3
40. Re7 Rd3 41. Rd7 Kh7 42. Kf5 Rd4 43. Rd8 Rd1 44. h5 d5 45. Rd6 d4 46. Ke4 d3
47. Rb6 d2 48. Ke3 Rh1 49. Kxd2 Rxh5 50. Ke3 Rf5 51. Rb1 g6 52. Rh1+ Kg7 53.
Rc1 Rf6 54. Rb1 g5 55. Rg1 Kg6 56. Rg2 Kh5 57. Rh2+ Kg4 58. Rh1 Rf3+ 59. Ke2
Kf4 60. Rh8 g4 61. Rh7 Kg3 62. Rh8 Rf7 63. Rh5 Kg2 64. Rh6 g3 65. Rh8 Re7+ 66.
Kd2 Kf2 67. Rf8+ Kg1 68. Kd3 g2 69. Rg8 Rh7 70. Ke2 0-1

[Event "38th Reykjavik op"]
[Site "Reykjavik ISL"]
[Date "2025.04.10"]
[Round "3.95"]
[White "Schouten, Mathias Lind"]
[Black "Belz, Frank-Martin"]
[WhiteElo "2279"]
[BlackElo "2027"]
[Result "1-0"]
[EventDate "2025.04.09"]
[PlyCount "97"]

1. d4 d5 2. c4 c6 3. Nf3 Nf6 4. e3 e6 5. b3 Bd6 6. Bd3 O-O 7. O-O Qe7 8. Bb2
Nbd7 9. Ne5 a5 10. Nd2 Ba3 11. Qc1 Bxb2 12. Qxb2 Nxe5 13. dxe5 Nd7 14. Rac1 Nc5
15. Bb1 b6 16. f4 Bb7 17. Rf3 Rad8 18. a3 Ne4 19. Nxe4 dxe4 20. Bxe4 c5 21.
Bxb7 Qxb7 22. Qc2 Qd7 23. Rff1 Qd3 24. Kf2 h6 25. Rfe1 Qxc2+ 26. Rxc2 Rd3 27.
Rb1 Rfd8 28. Ke2 Kh7 29. Rbb2 Rd1 30. b4 Ra1 31. bxc5 bxc5 32. Rb5 Rxa3 33.
Rxc5 Rdd3 34. Rxa5 Rxe3+ 35. Kf2 Rec3 36. Rxc3 Rxc3 37. Rc5 g5 38. fxg5 hxg5
39. Rc7 Kg6 40. c5 Kg7 41. Rc8 Kg6 42. g4 Kg7 43. c6 Kh7 44. Ke2 Rc5 45. Kd3
Rxe5 46. Kd4 Rd5+ 47. Kc4 Kg7 48. c7 Rd1 49. Rg8+ 1-0

[Event "38th Reykjavik op"]
[Site "Reykjavik ISL"]
[Date "2025.04.10"]
[Round "3.96"]
[White "Nayak, Rajesh"]
[Black "Darvekar, Yash"]
[WhiteElo "2277"]
[BlackElo "2024"]
[Result "1-0"]
[EventDate "2025.04.09"]
[PlyCount "59"]

1. d4 d5 2. Nc3 Nf6 3. Bf4 Bf5 4. e3 e6 5. Nb5 Na6 6. a3 Be7 7. Nf3 O-O 8. Ne5
c6 9. Nc3 c5 10. g4 Bg6 11. h4 cxd4 12. exd4 Ne4 13. Bxa6 Bxh4 14. Nxe4 Bxe4
15. Rxh4 Qxh4 16. Be2 f6 17. Nd3 e5 18. Be3 exd4 19. Bxd4 f5 20. Kd2 fxg4 21.
Bxg4 Rae8 22. c3 Bxd3 23. Kxd3 Rf4 24. Qa4 Re7 25. Bd1 Rxf2 26. Bxf2 Qxf2 27.
Qd4 Qxb2 28. Qxd5+ Kf8 29. Bh5 g6 30. Qd8+ 1-0

[Event "38th Reykjavik op"]
[Site "Reykjavik ISL"]
[Date "2025.04.10"]
[Round "3.97"]
[White "Pererva,Viktor"]
[Black "Colas, Joshua"]
[WhiteElo "2017"]
[BlackElo "2275"]
[Result "0-1"]
[EventDate "2025.04.09"]
[PlyCount "54"]

1. d4 d5 2. Nf3 c5 3. dxc5 e6 4. e4 Bxc5 5. exd5 exd5 6. Bd3 h6 7. O-O Ne7 8.
Bf4 O-O 9. Nbd2 Nbc6 10. c3 Bg4 11. Qc2 Rc8 12. a3 Bb6 13. Ne5 Nxe5 14. Bxe5
Nc6 15. Bg3 Qg5 16. h4 Qh5 17. Qa4 f5 18. Rae1 Kh8 19. Re6 d4 20. Bd6 dxc3 21.
bxc3 Rfe8 22. Rxe8+ Rxe8 23. Bb5 Qxh4 24. Nc4 Re4 25. Bxc6 bxc6 26. Qxc6 Re1
27. g3 Bxf2+ 0-1

[Event "38th Reykjavik op"]
[Site "Reykjavik ISL"]
[Date "2025.04.10"]
[Round "3.98"]
[White "Priansh, Das"]
[Black "Bech, Havard Eriksen"]
[WhiteElo "2262"]
[BlackElo "2024"]
[Result "1-0"]
[EventDate "2025.04.09"]
[PlyCount "45"]

1. g3 d5 2. Nf3 c5 3. Bg2 Nf6 4. c4 d4 5. d3 Nc6 6. O-O e6 7. e3 h6 8. exd4
cxd4 9. a3 a5 10. Bf4 Nd7 11. Re1 g5 12. Be5 f6 13. Bxd4 g4 14. Rxe6+ Kf7 15.
Rxc6 bxc6 16. Nh4 Nb8 17. Bc3 Be6 18. d4 Qd6 19. d5 cxd5 20. cxd5 Bd7 21. Qc2
Bg7 22. Nd2 Re8 23. Qg6+ 1-0

[Event "38th Reykjavik op"]
[Site "Reykjavik ISL"]
[Date "2025.04.10"]
[Round "3.99"]
[White "Omarsson, Josef"]
[Black "Wan, Joseph"]
[WhiteElo "2011"]
[BlackElo "2242"]
[Result "0-1"]
[EventDate "2025.04.09"]
[PlyCount "76"]

1. d4 e6 2. c4 b6 3. Nc3 Bb7 4. e4 Bb4 5. Bd3 f5 6. Qe2 Nf6 7. Bg5 fxe4 8. Bxe4
Bxe4 9. Bxf6 Qxf6 10. Qxe4 O-O 11. Nf3 Nc6 12. O-O Bxc3 13. bxc3 Qf5 14. Qe2
Rae8 15. Ne5 Nb8 16. Rad1 d6 17. Ng4 e5 18. dxe5 h5 19. Ne3 Rxe5 20. Rd5 Rfe8
21. Rfd1 Nd7 22. Rxe5 Rxe5 23. h3 Nf6 24. Rd3 Qe6 25. Qf3 Ra5 26. Nd5 Qe1+ 27.
Kh2 Qe5+ 28. g3 h4 29. Re3 hxg3+ 30. Kg2 Qg5 31. Nxf6+ Qxf6 32. Qa8+ Kh7 33.
Qe4+ Qg6 34. Qf4 gxf2+ 35. Rg3 f1=Q+ 36. Qxf1 Rxa2+ 37. Kh1 Qc2 38. Qg1 Qe4+
0-1

[Event "38th Reykjavik op"]
[Site "Reykjavik ISL"]
[Date "2025.04.10"]
[Round "3.100"]
[White "Unzicker, Ferdinand, Dr."]
[Black "Stranger, Morris"]
[WhiteElo "2241"]
[BlackElo "2018"]
[Result "1-0"]
[EventDate "2025.04.09"]
[PlyCount "65"]

1. c4 e6 2. Nc3 d5 3. d4 c6 4. e3 Nf6 5. Nf3 Nbd7 6. Qc2 Bd6 7. Bd3 O-O 8. O-O
dxc4 9. Bxc4 b5 10. Bd3 Bb7 11. a3 Rc8 12. Ng5 c5 13. Bxh7+ Kh8 14. Nce4 Nxe4
15. Bxe4 cxd4 16. Qd1 Bxe4 17. Qh5+ Kg8 18. Nxe4 Bc5 19. exd4 Bxd4 20. Bg5 f6
21. Rad1 e5 22. Be3 Bxe3 23. fxe3 Qe7 24. Nd6 Rc7 25. Qg6 Nc5 26. Nf5 Qe8 27.
Qg4 Ne6 28. Rd6 Nc5 29. Rc1 g6 30. b4 Ne6 31. Rxc7 Nxc7 32. Rd7 Ne6 33. Re7 1-0

[Event "38th Reykjavik op"]
[Site "Reykjavik ISL"]
[Date "2025.04.10"]
[Round "3.101"]
[White "Bleuzen, Cedric"]
[Black "Vogt, Lothar"]
[WhiteElo "2003"]
[BlackElo "2229"]
[Result "0-1"]
[EventDate "2025.04.09"]
[PlyCount "66"]

1. d4 g6 2. Nf3 Nf6 3. g3 Bg7 4. Bg2 O-O 5. O-O d6 6. Nc3 Nc6 7. Bg5 h6 8. Bxf6
Bxf6 9. Qd2 Bg7 10. e3 e5 11. dxe5 dxe5 12. Rad1 Be6 13. Qc1 Qe7 14. Nd2 f5 15.
Nd5 Qf7 16. Nb3 e4 17. Nf4 Bc4 18. Rfe1 Rad8 19. Rxd8 Rxd8 20. Ne2 Ne5 21. Ned4
b6 22. f4 exf3 23. Nxf3 c5 24. Nbd2 Nxf3+ 25. Nxf3 Bxa2 26. b3 c4 27. b4 c3 28.
Nd4 Kh7 29. Qa3 Bd5 30. Qxc3 Bxg2 31. Kxg2 Qd5+ 32. Kh3 g5 33. Qd3 g4+ 0-1

[Event "38th Reykjavik op"]
[Site "Reykjavik ISL"]
[Date "2025.04.10"]
[Round "3.102"]
[White "Dauth, Benjamin"]
[Black "Levin, Anthony"]
[WhiteElo "2228"]
[BlackElo "2016"]
[Result "1-0"]
[EventDate "2025.04.09"]
[PlyCount "147"]

1. e4 e5 2. Bc4 Nf6 3. d3 c6 4. Nd2 d5 5. Bb3 a5 6. a3 Nbd7 7. Ngf3 Bd6 8. O-O
O-O 9. Re1 Re8 10. Ba2 Nf8 11. h3 Ng6 12. Nf1 h6 13. Ng3 Be6 14. Be3 Qc7 15.
Qc1 Bf8 16. c4 d4 17. Bd2 a4 18. b4 axb3 19. Bxb3 Nd7 20. a4 b5 21. Qc2 Nc5 22.
Reb1 Reb8 23. axb5 Rxa1 24. Rxa1 cxb5 25. Ba2 b4 26. Bb3 Ne7 27. Ne1 Nc6 28.
Qb2 g6 29. Ba4 Nxa4 30. Rxa4 b3 31. Nf3 Bd7 32. Ra1 Kh7 33. Be1 Nb4 34. Qxb3
Na6 35. Qc2 Nc5 36. Bd2 Rb3 37. Ne1 Qb7 38. Bc1 Qb4 39. Kf1 Ba4 40. Ne2 Bc6 41.
Bd2 Qb7 42. Nc1 Rb2 43. Qd1 Ne6 44. Ra2 Rb1 45. Qc2 Bd6 46. Ra7 Qxa7 47. Qxb1
f5 48. f3 Nc5 49. Qa2 Qxa2 50. Nxa2 Na6 51. Ke2 Ba4 52. Nc1 h5 53. Ba5 Kg7 54.
f4 Bc6 55. fxe5 Bxe5 56. exf5 gxf5 57. Nb3 Ba4 58. Nf3 Kf6 59. Nbxd4 Bf4 60.
Bd8+ Kf7 61. Nxf5 Nc5 62. N5d4 Bd7 63. Bg5 Bg3 64. Be3 Na4 65. Kd2 Bc7 66. Ne2
Bc6 67. Bd4 Ke6 68. Ke3 Kf5 69. Kf2 Be8 70. Nc3 Nb6 71. Bxb6 Bxb6+ 72. d4 Bc6
73. Ke3 Ba5 74. d5 1-0

[Event "38th Reykjavik op"]
[Site "Reykjavik ISL"]
[Date "2025.04.10"]
[Round "3.103"]
[White "Termeulen, Albert"]
[Black "Wildenrath, Dirk"]
[WhiteElo "1999"]
[BlackElo "2221"]
[Result "1-0"]
[EventDate "2025.04.09"]
[PlyCount "35"]

1. e4 c5 2. Nf3 d6 3. d4 cxd4 4. Nxd4 Nf6 5. Nc3 a6 6. Bc4 e6 7. O-O b5 8. Bb3
Be7 9. f4 O-O 10. e5 dxe5 11. fxe5 Bc5 12. Be3 Nc6 13. Nxc6 Bxe3+ 14. Kh1 Qc7
15. exf6 Qxc6 16. Nd5 Qc5 17. Ne7+ Kh8 18. Qf3 1-0

[Event "38th Reykjavik op"]
[Site "Reykjavik ISL"]
[Date "2025.04.10"]
[Round "3.104"]
[White "Fodor, Balazs"]
[Black "Thorsteinsdottir, Hallgerdur"]
[WhiteElo "2206"]
[BlackElo "2003"]
[Result "1-0"]
[EventDate "2025.04.09"]
[PlyCount "139"]

1. d4 Nf6 2. c4 g6 3. Nc3 d5 4. cxd5 Nxd5 5. Bd2 Bg7 6. e4 Nxc3 7. Bxc3 O-O 8.
h4 h5 9. Qd2 c5 10. d5 e6 11. Bxg7 Kxg7 12. Qc3+ Kg8 13. O-O-O exd5 14. Rxd5
Qe7 15. e5 b6 16. Rd6 Rd8 17. Rxd8+ Qxd8 18. Bc4 Nc6 19. Nf3 Na5 20. Rd1 Qe7
21. Ng5 Nxc4 22. Qxc4 Bf5 23. Rd6 Rf8 24. f4 Kg7 25. Qd5 Kh8 26. Rf6 Kg7 27. g3
Kg8 28. Rd6 Kh8 29. Rf6 Kg7 30. a3 Bg4 31. Rd6 Kh8 32. Rf6 Kg7 33. Kc2 Bf5+ 34.
Kc3 Bg4 35. Rd6 Kh8 36. Rd8 Kg7 37. Rxf8 Kxf8 38. Nh7+ Kg7 39. Nf6 Bc8 40. Qc6
Qb7 41. Ne8+ Kf8 42. Qxb7 Bxb7 43. Nd6 Bc6 44. Nc8 Bd7 45. Nxa7 b5 46. a4 bxa4
47. Kc4 Ke7 48. Kxc5 Ke6 49. Nc6 Be8 50. Nd4+ Ke7 51. Kd5 Bd7 52. Nc6+ Ke8 53.
Kd6 Be6 54. Nd4 Bg4 55. Nb5 Bd7 56. Nc7+ Kd8 57. Nd5 Bb5 58. f5 gxf5 59. Nf6
Bc4 60. Nxh5 Ke8 61. Ng7+ Kf8 62. Nxf5 Bb5 63. h5 Kg8 64. Ke7 Be2 65. h6 Bh5
66. Kf6 Kh7 67. Nd6 Kxh6 68. Nxf7+ Kh7 69. e6 Kg8 70. Nd6 1-0

[Event "38th Reykjavik op"]
[Site "Reykjavik ISL"]
[Date "2025.04.10"]
[Round "3.105"]
[White "Raghu, Ram Reddy Seelam"]
[Black "Garbuz, Vitaliy"]
[WhiteElo "1984"]
[BlackElo "2203"]
[Result "1/2-1/2"]
[EventDate "2025.04.09"]
[PlyCount "63"]

1. e4 c5 2. Nf3 Nc6 3. d4 cxd4 4. Nxd4 Qb6 5. Nb3 Nf6 6. Nc3 e6 7. Be3 Qc7 8.
a3 a6 9. Bd3 Ne5 10. h3 b5 11. O-O Bb7 12. Bf4 Be7 13. Bxe5 Qxe5 14. Qe2 g5 15.
Nd2 Bc5 16. Nf3 Qc7 17. e5 Nh5 18. Ne4 Nf4 19. Qd2 Be7 20. Rad1 Rg8 21. Qe3 Nd5
22. Qd4 h5 23. c4 bxc4 24. Bxc4 g4 25. hxg4 Rxg4 26. Nh2 Rg8 27. Rfe1 Kf8 28.
Be2 Rc8 29. Bxh5 Rh8 30. Bf3 f6 31. Ng4 f5 32. Nd6 1/2-1/2

[Event "38th Reykjavik op"]
[Site "Reykjavik ISL"]
[Date "2025.04.10"]
[Round "3.106"]
[White "Bozilov, Dragan"]
[Black "Kracht, Raphael"]
[WhiteElo "1981"]
[BlackElo "2196"]
[Result "0-1"]
[EventDate "2025.04.09"]
[PlyCount "134"]

1. Nf3 d5 2. d4 Nf6 3. Bf4 c5 4. c3 Nc6 5. e3 Qb6 6. b3 cxd4 7. exd4 Bf5 8. Bd3
Bxd3 9. Qxd3 e6 10. Nbd2 Be7 11. h3 Rc8 12. O-O O-O 13. Rfe1 Rfe8 14. Rac1 a5
15. Ne5 Nxe5 16. Bxe5 Nd7 17. Bg3 Rc6 18. f4 Qa6 19. Qf3 f5 20. Re3 a4 21. Rce1
axb3 22. axb3 Bf6 23. Kh2 Nf8 24. R1e2 Qa1 25. Be1 Rec8 26. Nf1 Qb1 27. b4 Ra8
28. g4 g6 29. Ng3 fxg4 30. hxg4 Ra2 31. f5 Kg7 32. Rxa2 Qxa2+ 33. Re2 Qb1 34.
fxg6 hxg6 35. Bd2 Nh7 36. Rf2 {[%csl Gf2]} Rc7 37. Bh6+ Kxh6 38. Qf4+ Bg5 39.
Qxc7 Be3 40. Rf1 Qc2+ 41. Kh1 Ng5 42. Qe5 Bf2 43. Qe2 Qxe2 44. Nxe2 Ne4 45. Kg2
Be3 46. Rf3 Bd2 47. Rd3 Bg5 48. Ng3 Nd6 49. Kf3 Kg7 50. Rd1 Kf6 51. Ke2 Bf4 52.
Rd3 Nc4 53. Kf3 Nb2 54. Kxf4 Nxd3+ 55. Ke3 Nb2 56. Kf4 g5+ 57. Kf3 Nd1 58. Ne2
Ke7 59. b5 Kd6 60. Kg3 Kc7 61. Kf3 Kb6 62. Nf4 gxf4 63. g5 Nxc3 64. g6 Ne4 65.
Kxf4 Nf6 66. Ke5 Nh5 67. Kxe6 Nf4+ 0-1

[Event "38th Reykjavik op"]
[Site "Reykjavik ISL"]
[Date "2025.04.10"]
[Round "3.107"]
[White "Pipiras, Filipa Fortuna"]
[Black "Grigoriev, Dmitriy"]
[WhiteElo "2195"]
[BlackElo "1997"]
[Result "1-0"]
[EventDate "2025.04.09"]
[PlyCount "80"]

1. d4 Nf6 2. c4 g6 3. Nc3 d5 4. cxd5 Nxd5 5. Bd2 Bg7 6. e4 Nb6 7. Be3 O-O 8.
Bb5 c6 9. Be2 Be6 10. Qd2 Nc4 11. Bxc4 Bxc4 12. Nf3 Nd7 13. Bh6 Nf6 14. Bxg7
Kxg7 15. Ne5 Ba6 16. h4 c5 17. d5 Qc7 18. Nf3 h5 19. O-O-O b5 20. e5 Ng4 21. d6
Qd7 22. Rhe1 b4 23. Ne4 e6 24. Kb1 c4 25. Qxb4 Rab8 26. Qd2 Bb7 27. Nc3 Bxf3
28. gxf3 Nh6 29. Re4 Qb7 30. Rxc4 Qxf3 31. Ka1 Ng4 32. Rf4 Qb7 33. Re4 Qb6 34.
Re2 Rfd8 35. f3 Nh6 36. Ne4 Nf5 37. Qg5 Nd4 38. Qf6+ Kg8 39. Rg2 Rd7 40. Qf4
Nc6 1-0

[Event "38th Reykjavik op"]
[Site "Reykjavik ISL"]
[Date "2025.04.10"]
[Round "3.108"]
[White "Mannion, Stephen"]
[Black "Petursson, Gudni"]
[WhiteElo "2180"]
[BlackElo "1987"]
[Result "1/2-1/2"]
[EventDate "2025.04.09"]
[PlyCount "26"]

1. e4 e5 2. Nf3 Nc6 3. Bc4 Nf6 4. d4 exd4 5. e5 d5 6. Bb5 Ne4 7. Nxd4 Bd7 8.
Bxc6 bxc6 9. O-O Be7 10. f3 Nc5 11. Nc3 O-O 12. f4 f6 13. exf6 Bxf6 1/2-1/2

[Event "38th Reykjavik op"]
[Site "Reykjavik ISL"]
[Date "2025.04.10"]
[Round "3.109"]
[White "Harish, Neeraj"]
[Black "Bathula, Abhinav Reddy"]
[WhiteElo "2169"]
[BlackElo "1979"]
[Result "1-0"]
[EventDate "2025.04.09"]
[PlyCount "87"]

1. e4 c5 2. Nf3 d6 3. d4 cxd4 4. Nxd4 Nf6 5. Nc3 a6 6. Bd3 e5 7. Nde2 Qc7 8.
O-O b5 9. Ng3 Nbd7 10. Kh1 Bb7 11. a3 g6 12. f4 h5 13. fxe5 dxe5 14. Bg5 Be7
15. Qf3 h4 16. Nge2 Qd6 17. Rad1 Qe6 18. h3 Rh5 19. Bc1 Nb6 20. b3 Rd8 21. Bb2
Qc8 22. Qf2 Qe6 23. Ng1 Rh7 24. Nf3 Nh5 25. Ne2 Nd7 26. a4 Nc5 27. axb5 Nxe4
28. Bxe4 Bxe4 29. bxa6 Qxa6 30. Bxe5 Rxd1 31. Rxd1 f6 32. Bh2 Bxc2 33. Re1 Bxb3
34. Ned4 Bd5 35. Qc2 f5 36. Ng5 Nf6 37. Nxh7 Nxh7 38. Qc7 Be4 39. Qb8+ Kf7 40.
Qb3+ Ke8 41. Rc1 Nf8 42. Nb5 Qb7 43. Nc7+ Kd7 44. Qd1+ 1-0

[Event "38th Reykjavik op"]
[Site "Reykjavik ISL"]
[Date "2025.04.10"]
[Round "3.110"]
[White "Wadelek, Karol"]
[Black "Tscheuschner, Georg"]
[WhiteElo "1979"]
[BlackElo "2168"]
[Result "0-1"]
[EventDate "2025.04.09"]
[PlyCount "158"]

1. e4 c5 2. Nf3 d6 3. d4 cxd4 4. Nxd4 Nf6 5. Nc3 Nc6 6. Bg5 e6 7. Qd2 a6 8.
O-O-O Be7 9. f4 Bd7 10. Bxf6 Bxf6 11. Nxc6 Bxc6 12. Qxd6 Qxd6 13. Rxd6 Bxc3 14.
bxc3 Bxe4 15. Bd3 Bxg2 16. Rg1 Bd5 17. c4 Ke7 18. Rb6 Bc6 19. Rxg7 Rag8 20.
Rxg8 Rxg8 21. c5 Kd7 22. f5 Rg2 23. fxe6+ fxe6 24. Bxh7 Rxh2 25. Bd3 Rh5 26.
Kb2 Rxc5 27. Rb4 Bd5 28. Rh4 Kd6 29. Rg4 Rc8 30. a3 a5 31. Rh4 Rc7 32. Rg4 Re7
33. Kc3 e5 34. Rg6+ Kc5 35. Rg5 Bc6 36. Rh5 Kd6 37. Bc4 Rg7 38. Rh6+ Kc5 39.
Rh5 Rg3+ 40. Bd3 Kd6 41. Rh6+ Kd5 42. Rh4 Rf3 43. Rh5 Rf4 44. Rg5 Rh4 45. Rf5
Ra4 46. Kb3 Rh4 47. Kc3 Rg4 48. Rh5 b5 49. Rf5 Ra4 50. Kb3 b4 51. axb4 Rxb4+
52. Kc3 Rh4 53. Rg5 a4 54. Bf1 Kd6 55. Rg6+ Kc5 56. Rg5 Re4 57. Bd3 Re1 58. Bc4
a3 59. Bb3 Bd5 60. Bxd5 Kxd5 61. Kb3 Re3+ 62. c3 a2 63. Kxa2 Rxc3 64. Kb2 Rc5
65. Rg4 Ke6 66. Rg3 Kf5 67. Kb3 Kf4 68. Rh3 Rc8 69. Rh4+ Kg5 70. Rh7 e4 71. Rf7
Kg4 72. Kb2 e3 73. Rg7+ Kf3 74. Rf7+ Ke2 75. Re7 Kd2 76. Rd7+ Ke1 77. Re7 e2
78. Kb3 Rf8 79. Rh7 Kf1 0-1

[Event "38th Reykjavik op"]
[Site "Reykjavik ISL"]
[Date "2025.04.10"]
[Round "3.111"]
[White "Villiers, Thomas"]
[Black "Woods, Yannick"]
[WhiteElo "2154"]
[BlackElo "1979"]
[Result "1-0"]
[EventDate "2025.04.09"]
[PlyCount "111"]

1. Nf3 c5 2. c4 Nc6 3. Nc3 Nf6 4. g3 g6 5. Bg2 Bg7 6. d4 cxd4 7. Nxd4 O-O 8.
O-O Nxd4 9. Qxd4 d6 10. Qd3 Nd7 11. b3 Nc5 12. Qd2 Bd7 13. Bb2 a5 14. Rab1 Bc6
15. Nd5 e6 16. Bxg7 Kxg7 17. Qd4+ f6 18. Nc3 Qc7 19. Ne4 Nxe4 20. Bxe4 Rfd8 21.
Rfd1 Rac8 22. Rd2 d5 23. cxd5 Bxd5 24. Rc2 Bc6 25. Qa7 f5 26. Bf3 Kf6 27. Rbc1
Qe5 28. Bxc6 Rxc6 29. Rxc6 bxc6 30. Qxh7 Qxe2 31. Qh4+ g5 32. Qh6+ Kf7 33. Qxg5
Rd1+ 34. Rxd1 Qxd1+ 35. Kg2 Qe2 36. a3 Qe4+ 37. Kh3 c5 38. a4 Qb4 39. Qe3 c4
40. bxc4 Qxa4 41. Qa7+ Kf6 42. Qd4+ Kf7 43. f3 Qb4 44. Qd7+ Kf6 45. Qd8+ Kf7
46. Qc7+ Kf6 47. c5 Qb5 48. Kh4 Qb4+ 49. f4 Qd2 50. h3 a4 51. c6 a3 52. Qe5+
Ke7 53. c7 Qc2 54. Qg7+ Ke8 55. Qg8+ Kd7 56. Qd8+ 1-0

[Event "38th Reykjavik op"]
[Site "Reykjavik ISL"]
[Date "2025.04.10"]
[Round "3.112"]
[White "Heidarsson, Mikael Bjarki"]
[Black "Pattnayak, Nilsu"]
[WhiteElo "1973"]
[BlackElo "2146"]
[Result "0-1"]
[EventDate "2025.04.09"]
[PlyCount "37"]

1. d4 Nf6 2. c4 e6 3. g3 d5 4. Bg2 Bb4+ 5. Nd2 O-O 6. Ngf3 Be7 7. O-O Nbd7 8.
b3 Ne4 9. Bb2 f5 10. Ne5 Nxe5 11. dxe5 c6 12. Nxe4 dxe4 13. Qc2 Qb6 14. Rad1
Bc5 15. e3 Be7 16. Bd4 Qd8 17. Bb2 Qe8 18. Qc1 Bd7 19. Ba3 {Unreadable
scoresheets} 0-1

[Event "38th Reykjavik op"]
[Site "Reykjavik ISL"]
[Date "2025.04.10"]
[Round "3.113"]
[White "Ptacnikova, Lenka"]
[Black "Deepak Ambattu, Rithvik"]
[WhiteElo "2142"]
[BlackElo "1971"]
[Result "1-0"]
[EventDate "2025.04.09"]
[PlyCount "81"]

1. c4 c5 2. Nf3 Nc6 3. Nc3 g6 4. d4 cxd4 5. Nxd4 Bg7 6. e3 Nf6 7. Nc2 d6 8. Be2
Bf5 9. f3 Bxc2 10. Qxc2 d5 11. Qb3 dxc4 12. Qxb7 Na5 13. Qb5+ Nd7 14. O-O Rb8
15. Qa4 Bxc3 16. bxc3 O-O 17. e4 Qb6+ 18. Kh1 Nc5 19. Qc2 Nd3 20. Bxd3 cxd3 21.
Qxd3 Rfd8 22. Qe2 Qc6 23. Be3 Qxc3 24. Rad1 Nc4 25. Bxa7 Rxd1 26. Rxd1 Rb2 27.
Rd8+ Kg7 28. Qxb2 Qxb2 29. Bd4+ e5 30. Bxb2 Nxb2 31. Rb8 Na4 32. Rb4 Nc3 33. a4
Na2 34. Rc4 g5 35. a5 g4 36. a6 gxf3 37. gxf3 Kg6 38. a7 Kg7 39. a8=Q Nc1 40.
Rxc1 f5 41. Rc6 1-0

[Event "38th Reykjavik op"]
[Site "Reykjavik ISL"]
[Date "2025.04.10"]
[Round "3.114"]
[White "Arruebarrena Rodriguez, Rafael"]
[Black "Boleslav, Petr"]
[WhiteElo "2129"]
[BlackElo "1970"]
[Result "1-0"]
[EventDate "2025.04.09"]
[PlyCount "75"]

1. e4 e5 2. Nf3 Nc6 3. Bb5 a6 4. Ba4 Nf6 5. O-O Be7 6. Re1 b5 7. Bb3 d6 8. c3
O-O 9. h3 Na5 10. Bc2 c5 11. d4 Qc7 12. Nbd2 Bd7 13. Nf1 Rac8 14. Ne3 cxd4 15.
cxd4 Nc6 16. d5 Nb4 17. Bb1 a5 18. a3 Na6 19. b4 Qa7 20. Bd2 Bd8 21. Bd3 Bb6
22. Qe2 Nc7 23. Nh4 Bd4 24. Rab1 axb4 25. Bxb4 Bc5 26. Nhf5 Bxf5 27. Nxf5 Nce8
28. Bxb5 g6 29. Ng3 Nc7 30. Bc6 Rb8 31. Rec1 Na6 32. Qf3 Kg7 33. Bd2 Ng8 34. a4
Ne7 35. Rxb8 Qxb8 36. Be3 Nxc6 37. Nh5+ gxh5 38. Bh6+ 1-0

[Event "38th Reykjavik op"]
[Site "Reykjavik ISL"]
[Date "2025.04.10"]
[Round "3.115"]
[White "Fartmann, Oliver"]
[Black "Estevez Sacristan, Deva"]
[WhiteElo "2109"]
[BlackElo "1958"]
[Result "1/2-1/2"]
[EventDate "2025.04.09"]
[PlyCount "56"]

1. e4 d6 2. d4 Nf6 3. Nc3 e5 4. Nf3 Nbd7 5. a4 Be7 6. a5 O-O 7. Be2 c6 8. O-O
Re8 9. d5 Nc5 10. Nd2 cxd5 11. exd5 Bf5 12. Nc4 Nce4 13. Nb5 a6 14. Nba3 Nd7
15. f3 Nec5 16. b4 Na4 17. Bd2 e4 18. c3 b5 19. f4 Nf6 20. Ne3 Bc8 21. Nxb5
axb5 22. Bxb5 Nb2 23. Qb3 Nd3 24. Bxe8 Nxe8 25. c4 Bf6 26. Bc3 Qc7 27. Bxf6
Nxf6 28. Kh1 Qa7 1/2-1/2

[Event "38th Reykjavik op"]
[Site "Reykjavik ISL"]
[Date "2025.04.10"]
[Round "3.116"]
[White "Arndt, Uwe"]
[Black "Agustsson, Hafsteinn"]
[WhiteElo "1956"]
[BlackElo "1784"]
[Result "0-1"]
[EventDate "2025.04.09"]
[PlyCount "74"]

1. d4 d5 2. c4 e6 3. Nf3 Nf6 4. g3 Be7 5. Bg2 O-O 6. O-O b6 7. cxd5 exd5 8. b3
Nbd7 9. Bb2 Bb7 10. Nc3 Ne4 11. Rc1 Ndf6 12. Ne5 c5 13. e3 Nxc3 14. Rxc3 Ne4
15. Rc2 f6 16. Nd3 cxd4 17. exd4 Bd6 18. Re1 Qd7 19. Bc1 Rac8 20. Bf4 Rxc2 21.
Qxc2 Rc8 22. Qb2 g5 23. Bxd6 Nxd6 24. Qa3 Rc3 25. Nb2 Nb5 26. Qb4 a5 27. Bh3
axb4 28. Bxd7 Nxd4 29. Re8+ Kf7 30. Rb8 Rc7 31. Bg4 f5 32. Bh5+ Kg7 33. Nd3 Ba6
34. Rxb6 Bxd3 35. Rxb4 Rc1+ 36. Kg2 Bf1+ 37. Kg1 Bh3+ 0-1

[Event "38th Reykjavik op"]
[Site "Reykjavik ISL"]
[Date "2025.04.10"]
[Round "3.117"]
[White "Alkin, Mert"]
[Black "Skjoldager, Nicklas"]
[WhiteElo "1795"]
[BlackElo "1953"]
[Result "0-1"]
[EventDate "2025.04.09"]
[PlyCount "50"]

1. e4 c5 2. Nf3 d6 3. Bc4 Nf6 4. Nc3 Nc6 5. O-O g6 6. d4 cxd4 7. Nxd4 Bg7 8.
Be3 O-O 9. h3 Bd7 10. f4 Rc8 11. Be2 a6 12. Nf3 b5 13. e5 dxe5 14. fxe5 Nh5 15.
Nd4 Nxd4 16. Bxh5 Nf5 17. Bg4 Nxe3 18. Qxd7 Nxf1 19. Rxf1 Rc7 20. Qxd8 Rxd8 21.
Ne4 Rxc2 22. Ng5 Rdd2 23. Nf3 Rxg2+ 24. Kh1 Bxe5 25. Rd1 Bd6 0-1